000 00457nam a2200181Ia 4500
001 8590
005 20260306160620.0
008 260306t2012||||xx |||||||||||||| ||spa||
041 _aESP
082 _a371.2
_bA48C
100 _aAlvarado Oyarce, Otoniel
_eAUT
245 0 _aGestión de programas educativos enfoques y modelos de gestión
260 _c2012
300 _a174 páginas :
_c
650 _aGEN
654 _aCED
942 _cLIB
_dJUS
_fJUS
_2ddc
_n
999 _c8590
_d8590